Intellectual property rights / (Record no. 51037)

MARC details
000 -LEADER
fixed length control field 01959nam a22003017a 4500
005 - DATE AND TIME OF LATEST TRANSACTION
control field 20110314100721.0
010 ## - LCCN (DPL NO)
LC control number ENG-102114 B-452321-325
020 ## - INTERNATIONAL STANDARD BOOK NUMBER
International Standard Book Number 9788184840933
Terms of availability 1480.00
035 ## - SYSTEM CONTROL NUMBER
System control number EN-85647 B-452321-325
037 ## - SOURCE OF ACQUISITION
Source of stock number/acquisition DBAD / PUB
037 ## - SOURCE OF ACQUISITION
Source of stock number/acquisition Virtuous Pub/Ven
082 ## - DEWEY DECIMAL CLASSIFICATION NUMBER
Classification number 346.54048
100 ## - MAIN ENTRY--PERSONAL NAME
Personal name Sreenivasulu, N. S.
245 ## - TITLE STATEMENT
Title Intellectual property rights /
Statement of responsibility, etc by Sreenivasulu N. S.
250 ## - EDITION STATEMENT
Edition statement 2nd rev. & enl. ed
260 ## - PUBLICATION, DISTRIBUTION, ETC. (IMPRINT)
Place of publication, distribution, etc New Delhi
Name of publisher, distributor, etc Regal Publications
Date of publication, distribution, etc 2011
270 ## - ADDRESS
Address F-159, Rajouri Garden
City New Delhi
Postal code 110 027
Telephone number 011-45546396
Electronic mail address regalbookspub@yahoo.com
300 ## - PHYSICAL DESCRIPTION
Extent xxii, 378 p.
Dimensions 24 cm. (Hb.)
500 ## - GENERAL NOTE
General note includes index
942 ## - ADDED ENTRY ELEMENTS (KOHA)
Institution code [OBSOLETE] dpl
Item type English Books
Source of classification or shelving scheme Dewey Decimal Classification
Classification part 346.54048
Call number suffix SRE
Holdings
Withdrawn status Lost status Not for loan Collection code Home library Current library Date acquired Source of acquisition Cost, normal purchase price Full call number Barcode Copy number Cost, replacement price Koha item type
    Not For Loan Reference Central Library Central Library 13/02/2012 Virtuous Pub/686/14.10.2011/05/15.09.2011/29.11.2011 1480.00 346.54048 SRE B-452321 1 1480.00 English Books
    Not For Loan Non-fiction D.B.Act.Division D.B.Act.Division 14/03/2011 DBAD/PUB 1480.00 346.54048 SRE EN-85647 1 1480.00 English Books
    Not For Loan Reference Karol Bagh Karol Bagh 13/02/2012 Virtuous Pub/686/14.10.2011/05/15.09.2011/29.11.2011 1480.00 346.54048 SRE B-452324 1 1480.00 English Books
    Not For Loan Reference Patel Nagar Patel Nagar 13/02/2012 Virtuous Pub/686/14.10.2011/05/15.09.2011/29.11.2011 1480.00 346.54048 SRE B-452322 1 1480.00 English Books
    Not For Loan Reference Sarojini Nagar Sarojini Nagar 13/02/2012 Virtuous Pub/686/14.10.2011/05/15.09.2011/29.11.2011 1480.00 346.54048 SRE B-452323 1 1480.00 English Books
      Reference Shahdara Branch Shahdara Branch 13/02/2012 Virtuous Pub/686/14.10.2011/05/15.09.2011/29.11.2011 1480.00 346.54048 SRE B-452325 1 1480.00 English Books

© Delhi Public Library
Hit Counter
free hit counter